| 000 | 00744nam a22002057a 4500 | ||
|---|---|---|---|
| 999 |
_c5425 _d5425 |
||
| 003 | AR-CdUCM | ||
| 008 | 190312b ||||| |||| 00| 0 spa d | ||
| 040 |
_aMUNICIPALIDAD PROVINCIAL DEL CUSCO _cBIBLIOTECA MUNICIPAL DEL CUSCO |
||
| 082 | _a985.620 / | ||
| 100 |
_aVásquez, Emilio _916338 |
||
| 245 | _aLa rebelión de Juan Bustamante / | ||
| 260 |
_aLima : _bJuan Mejía Baca, _c1976. |
||
| 300 |
_a408 paginas ; _c 21 cm. |
||
| 505 | _aEl gran escenario -- Glosa biográfica de juan Bustamante -- Esencialmente Viajero -- Lima, otro panorama -- Primer viaje alrededor del mundo... | ||
| 650 |
_aHistoria del Perú _9259 |
||
| 650 |
_aDepartamento de Puno _916339 |
||
| 650 |
_aCivilismo _916340 |
||
| 942 |
_2ddc _cLIBROS |
||
| 945 | _awnts | ||